Capitales du monde - 15 secondes de sprint - Statistiques

Statistiques générales
  • Ce quiz a été pris 93 fois
  • Le résultat moyen est 6 sur 196
Statistiques - réponses
Pays Capitale % Correct
France Paris
62%
Allemagne Berlin
48%
Espagne Madrid
32%
Albanie Tirana
32%
Italie Rome
28%
Autriche Vienne
25%
Royaume-Uni Londres
22%
Portugal Lisbonne
17%
Andorre Andorre-la-Vieille
16%
Belgique Bruxelles
16%
Argentine Buenos Aires
14%
Pérou Lima
14%
Biélorussie Minsk
12%
Équateur Quito
12%
Etats-Unis Washington
12%
Suisse Berne
9%
Canada Ottawa
9%
Lettonie Riga
9%
Chili Santiago
9%
Japon Tokyo
9%
Russie Moscou
7%
Brésil Brasilia
6%
Bangladesh Dacca
6%
Irlande Dublin
6%
Bolivie La Paz ou Sucre
6%
Mexique Mexico
6%
Norvège Oslo
6%
République tchèque Prague
6%
Corée du Sud Séoul
6%
Azerbaïdjan Bakou
4%
Colombie Bogotá
4%
Venezuela Caracas
4%
Timor oriental Dili
4%
Arménie Erevan
4%
Afghanistan Kaboul
4%
Jamaïque Kingston
4%
Saint-Vincent-et- les-Grenadines Kingstown
4%
Togo Lomé
4%
Chine Pékin
4%
Kosovo Pristina
4%
Bulgarie Sofia
4%
Estonie Tallinn
4%
Croatie Zagreb
4%
Algérie Alger
3%
Pays-Bas Amsterdam
3%
Turquie Ankara
3%
Kazakhstan Astana
3%
Grèce Athènes
3%
Australie Canberra
3%
Danemark Copenhague
3%
Qatar Doha
3%
Finlande Helsinki
3%
Malte La Valette
3%
Luxembourg Luxembourg
3%
Comores Moroni
3%
Afrique du Sud Pretoria, Le Cap ou, Bloemfontein
3%
Maroc Rabat
3%
Bosnie- Herzégovine Sarajevo
3%
Suède Stockholm
3%
Fidji Suva
3%
Liechtenstein Vaduz
3%
Lituanie Vilnius
3%
Nouvelle-Zélande Wellington
3%
Nigeria Abuja
1%
Ghana Accra
1%
Samoa Apia
1%
Érythrée Asmara
1%
Paraguay Asunción
1%
Kirghizistan Bichkek
1%
Slovaquie Bratislava
1%
Roumanie Bucarest
1%
Hongrie Budapest
1%
Sénégal Dakar
1%
Syrie Damas
1%
Tuvalu Funafuti
1%
Viêt Nam Hanoï
1%
Ukraine Kiev
1%
Koweït Koweït
1%
Égypte Le Caire
1%
Slovénie Ljubljana
1%
Maldives Malé
1%
Monaco Monaco
1%
Micronésie Palikir
1%
Panama Panama
1%
Suriname Paramaribo
1%
Cambodge Phnom Penh
1%
Vanuatu Port-Vila
1%
Corée du Nord Pyongyang
1%
Arabie Saoudite Riyad
1%
Costa Rica San José
1%
Macédoine Skopje
1%
Sri Lanka Sri Jayawardenepura Kotte
1%
Ouzbékistan Tachkent
1%
Pologne Varsovie
1%
Seychelles Victoria
1%
Nauru Yaren
1%
Émirats arabes unis Abou Dabi
0%
Turkménistan Achgabat
0%
Éthiopie Addis-Abeba
0%
Jordanie Amman
0%
Madagascar Antananarivo
0%
Irak Bagdad
0%
Mali Bamako
0%
Brunei Bandar Seri Begawan
0%
Thaïlande Bangkok
0%
République centrafricaine Bangui
0%
Gambie Banjul
0%
Saint-Christophe- et-Niévès Basseterre
0%
Serbie Belgrade
0%
Belize Belmopan
0%
Liban Beyrouth
0%
Guinée-Bissau Bissau
0%
Rép du Congo Brazzaville
0%
Barbade Bridgetown
0%
Burundi Bujumbura
0%
Sainte-Lucie Castries
0%
Moldavie Chișinău
0%
Guinée Conakry
0%
Djibouti Djibouti
0%
Soudan du Sud Djouba
0%
Tanzanie Dodoma
0%
Tadjikistan Douchanbé
0%
Sierra Leone Freetown
0%
Botswana Gaborone
0%
Guyana Georgetown
0%
Guatemala Guatemala
0%
Zimbabwe Harare
0%
Salomon Honiara
0%
Pakistan Islamabad
0%
Indonésie Jakarta
0%
Israël Jérusalem
0%
Ouganda Kampala
0%
Népal Katmandou
0%
Soudan Khartoum
0%
Rwanda Kigali
0%
Rép dém du Congo Kinshasa
0%
Malaisie Kuala Lumpur
0%
Cuba La Havane
0%
Gabon Libreville
0%
Malawi Lilongwe
0%
Angola Luanda
0%
Zambie Lusaka
0%
Îles Marshall Majuro
0%
Guinée équatoriale Malabo
0%
Nicaragua Managua
0%
Bahreïn Manama
0%
Philippines Manille
0%
Mozambique Maputo
0%
Oman Mascate
0%
Lesotho Maseru
0%
Swaziland Mbabane
0%
Somalie Mogadiscio
0%
Liberia Monrovia
0%
Uruguay Montevideo
0%
Kenya Nairobi
0%
Bahamas Nassau
0%
Birmanie Naypyidaw
0%
Tchad Ndjamena
0%
Inde New Delhi
0%
Palaos Ngerulmud
0%
Niger Niamey
0%
Chypre Nicosie
0%
Mauritanie Nouakchott
0%
Tonga Nukuʻalofa
0%
Burkina Faso Ouagadougou
0%
Mongolie Oulan-Bator
0%
Monténégro Podgorica
0%
Haïti Port-au-Prince
0%
Trinité-et-Tobago Port-d'Espagne
0%
Île Maurice Port-Louis
0%
Papouasie- Nouvelle- Guinée Port Moresby
0%
Bénin Porto-Novo
0%
Cap-Vert Praia
0%
Islande Reykjavik
0%
Dominique Roseau
0%
République dominicaine Saint-Domingue
0%
Grenade Saint George's
0%
Antigua-et- Barbuda Saint John's
0%
Saint-Marin Saint-Marin
0%
Yémen Sanaa
0%
Salvador San Salvador
0%
Sao Tomé-et- Principe Sao Tomé
0%
Singapour Singapour
0%
Taïwan Taipei
0%
Kiribati Tarawa
0%
Géorgie Tbilissi
0%
Honduras Tegucigalpa
0%
Iran Téhéran
0%
Bhoutan Thimphou
0%
Libye Tripoli
0%
Tunisie Tunis
0%
Vatican Vatican
0%
Laos Vientiane
0%
Namibie Windhoek
0%
Côte d'Ivoire Yamoussoukro
0%
Cameroun Yaoundé
0%
Aucun quiz correspondant
Distribution des résultats
% des personnes avec chaque résultat
Percentile par nombre de réponses
Votre historique - résultats
Vous n’avez pas pris ce quiz